Las guerras de los judíos (Record no. 29557)

MARC details
000 -LEADER
campo de control de longitud fija 00656mm a2200217a 44500
001 - NÚMERO DE CONTROL
campo de control NM030250
003 - IDENTIFICADOR DE NÚMERO DE CONTROL
campo de control RG CODE MARC
008 - DATOS DE LONGITUD FIJA--INFORMACIÓN GENERAL
campo de control de longitud fija 85020s2004 ||||||||||||||000 | spa||
005 - FECHA Y HORA DE LA ÚLTIMA TRANSACCIÓN
campo de control 20251028183348.0
020 ## - NÚMERO INTERNACIONAL ESTÁNDAR DEL LIBRO
Número Internacional Estándar del Libro 84-7228-752-1 (conjunto)
020 ## - NÚMERO INTERNACIONAL ESTÁNDAR DEL LIBRO
Número Internacional Estándar del Libro 84-7228-753-X (v.1)
020 ## - NÚMERO INTERNACIONAL ESTÁNDAR DEL LIBRO
Número Internacional Estándar del Libro 84-7228-754-8 (v.2)
040 ## - FUENTE DE CATALOGACIÓN
Centro catalogador/agencia de origen ORG CODE MARC
100 ## - ENTRADA PRINCIPAL--NOMBRE DE PERSONA
Nombre de persona Josefo, Flavio
9 (RLIN) 477
245 ## - MENCIÓN DEL TÍTULO
Título Las guerras de los judíos
Mención de responsabilidad, etc. Flavio Josefo
260 ## - PUBLICACIÓN, DISTRIBUCIÓN, ETC.
Lugar de publicación, distribución, etc. Terrassa
Nombre del editor, distribuidor, etc. Clie
300 ## - DESCRIPCIÓN FÍSICA
Extensión 2 v.
Otras características físicas 20 cm.
500 ## - NOTA GENERAL
Nota general Contiene "Vida de Flavio Josefo, escrita en griego por él mismo, traducida al castellano por Juan Martín Cordero"
653 ## - TÉRMINO DE INDIZACIÓN--NO CONTROLADO
Término no controlado HISTORIA
942 ## - ELEMENTOS DE ENTRADA SECUNDARIOS (KOHA)
Tipo de ítem Koha Colección General
Holdings
Estatus retirado Estado de pérdida Estado de daño No para préstamo Biblioteca de origen Biblioteca actual Fecha de adquisición Total de préstamos Signatura topográfica completa Código de barras Visto por última vez Precio de reemplazo Tipo de ítem Koha
        Biblioteca Pluis Biblioteca Pluis 28/10/2025   933 J77g v.1 043495 28/10/2025 28/10/2025 Colección General
        Biblioteca Pluis Biblioteca Pluis 28/10/2025   933 J77g v.2 043496 28/10/2025 28/10/2025 Colección General